Witamy w Bibliotece Naukowej Instytutu Łączności!

Słownictwo telekomunikacyjne - Radiofonia Nazwy i określenia PN-T-01007 / (Rekord nr 18982)

000 -LEADER
fixed length control field 00323 a2200097 4500
003 - CONTROL NUMBER IDENTIFIER
control field WA 310
005 - DATE AND TIME OF LATEST TRANSACTION
control field 20180131153757.0
008 - FIXED-LENGTH DATA ELEMENTS--GENERAL INFORMATION
fixed length control field 180131s1969 pl f u |000 0 pol d
040 ## - CATALOGING SOURCE
Original cataloging agency WA 310/bw
Transcribing agency WA 310/bw
245 00 - TITLE STATEMENT
Title Słownictwo telekomunikacyjne - Radiofonia Nazwy i określenia PN-T-01007 /
Statement of responsibility, etc Ministerstwo Łączności.
246 13 - VARYING FORM OF TITLE
Title proper/short title PN-T-01007
246 13 - VARYING FORM OF TITLE
Title proper/short title UKD 621.396.97:001.4
260 ## - PUBLICATION, DISTRIBUTION, ETC. (IMPRINT)
Place of publication, distribution, etc Warszawa :
Name of publisher, distributor, etc Ministerstwo Łączności,
Date of publication, distribution, etc 1969.
300 ## - PHYSICAL DESCRIPTION
Extent 20 stron ;
Dimensions 30 cm.
650 ## - SUBJECT ADDED ENTRY--TOPICAL TERM
Topical term or geographic name as entry element Polska norma
710 ## - ADDED ENTRY--CORPORATE NAME
Corporate name or jurisdiction name as entry element Polska.
Subordinate unit Ministerstwo Łączności.
Relator term Instytucja sprawcza
-- Wydawca
Relator code pbl
942 ## - ADDED ENTRY ELEMENTS (KOHA)
Source of classification or shelving scheme
Koha item type Książki
Egzemplarze
Withdrawn status Lost status Source of classification or shelving scheme Damaged status Not for loan Permanent Location Current Location Shelving location Date acquired Inventory number Full call number Barcode Date last seen Price effective from Koha item type Public note
        Nie do wypożyczenia Instytut Łączności Instytut Łączności Księgozbiór Podręczny 2018-01-31 PN-T-01007 PN-T-01007 T-01007:1967 2018-01-31 2018-01-31 Książki print, wycofana

Działa dzięki Koha